000 01057cam a22003012i 4500
999 _c2376
_d2376
001 .b19646999
003 OCoLC
005 20230502105853.0
006 m o d
007 cr cnu---unuuu
008 180410s2017 enka c 000 f eng d
020 _a9780141385297
040 _aTIT
_cSTD
_dKH8
042 _anbic
082 _aFIC KIN
100 1 _aKinney, Jeff,
_eauthor,
_eillustrator.
245 1 4 _aThe getaway /
_cby Jeff Kinney.
260 _aLondon
_bPuffin Books,
_c[2017]
300 _a217 pages :
_billustrations.
490 1 _aDiary of a wimpy kid ;
_v12.
520 _aGreg Heffley and his family escape to a tropical island resort for some much-needed rest and relaxation, but sun poisoning, stomach troubles, and venemous creatures all threaten their vacation.
521 _aPrimary school age.
600 1 0 _aHeffley, Greg
_vJuvenile fiction.
650 0 _aResorts
_vJuvenile fiction.
650 0 _aFamily vacations
_vJuvenile fiction.
800 1 _aKinney, Jeff.
_tDiary of a wimpy kid (Series) ;
_v12.
942 _2ddc
_cFIC